00639nam a22001817a 4500003000900000008004100009040007100050082001700121100002100138245006500159260005200224300002900276505006100305650002500366650002900391650002400420700001300444AR-CdUCM190312b ||||| |||| 00| 0 spa d aMUNICIPALIDAD PROVINCIAL DEL CUSCOcBIBLIOTECA MUNICIPAL DEL CUSCO a990.1 /bV24 aValle, del Juana aHistoria fatal, asañas de la ignorancia, guerra física / aLima :bBiblioteca Nacional del Perú ,c1972. a90 páginas ;c24.5 cm. aContenido : Los Manuscritos de Ayacucho y su historia... aHistoria de Ayacucho aConflicto interno armado aHistoria del Perú aCaviedes